000 00802nab a2200241 u 4500
001 15957
003 HDC
007 cr bn ---aaaaa
008 210219c20101016my dr|nes 0 a may d
040 _aHDC
245 0 _aPerasmian kempen IM1H di Kompleks Belia dan Sukan Paroi, Seremban
260 _aKuala Lumpur :
_b[publisher not identified],
_c2010
336 _atext
_2rdacontent
337 _acomputer
_2rdamedia
338 _aonline resource
_2rdacarrier
650 _aHalal campaign
_910147
650 _aHalal industry
_zMalaysia
_9204
710 _aKosmo
856 _zRequest full-text at [email protected]
942 _2lcc
942 _cNEWS
942 _kNWSC 005863
999 _c13273
_d13273